000 00706nam a2200253Ia 4500
003 OSt
005 20220925223132.0
006 a|||||r|||| 00| 0
007 ta
008 220923b |||||||| |||| 00| 0 eng d
020 _a0415121590
037 _cGeneral Book
040 _aRTL
_cRTL
_beng
041 _2eng
_aeng
082 _aY:11, N8
100 _aBennett David
_9132712
245 0 _aMulticultural states
_b Rethinking difference and identity
260 _aLondon
_bRoutledge
_c1998
300 _axiii, 305p
_ccm.
650 _a Sociology
650 _aCivilization and Culture
_9230988
942 _hY:11, N8
_cGB
_2CC
999 _c578713
_d578713